01326nam a2200277 a 4500001001000000005001700010041000800027044000800035084002000043100004500063245011200108260003200220300002200252500027000274500003900544500011700583500001000700546002400710650005200734650005600786650003400842650004500876700004900921700002800970740005000998BRCA_338420190320204244.0 aeng aenk a673b.G74c19021 aCervantes Saavedra, Miguel ded1547-161610aThe History the Ingenious Gentleman Don Quixote of la ManchacTranslated from the Spanish by P. A. Motteux. aEdinburgobJohn Grantc1902 a4 v.bil.c27 cm. aContenido : v.1. Primera parte. Retrato de Cervantes. Advertencia del editor. Vida de Cervantes por Motteux. Prólogo del autor. -- v.2. Primera parte. Texto. Notas a la primera parte. -- v.3. Segunda parte. Prólogo del autor. -- v.4. Segunda parte. Texto. Notas aEdición : Illustrated by Lalauze aCopia de la traducción de Motteux, editada en Edinburgo, por William Paterson (1879-84). Tela Lúdovik Osterc aQM490 aTexto en : inglés14aNovela españolayÉpoca clásica, 1500-170014aLiteratura españolayÉpoca clásica, 1500-170014aNovela españolaySiglo XVII14aDon Quijote (Personaje ficticio)eNovela1 aMotteux, Peter Anthonyd1663-1718eTraductor1 aLalauze, A.eIlustrador0 aEl Ingenioso Hidalgo Don Quijote de la Mancha